000 02006cam a2200637 a 4500
001 22292
003 VRT
005 20260325125224.0
008 240318s2011 xo g 000 fdslo
015 _aSNBA2011/09-05220
020 _a9788055125930
_z9788055125046
039 9 _a202403181954
_bVLOAD
_c202106240426
_dVLOAD
_c202105141212
_dVLOAD
_c202105101807
_dAUTHORITY
040 _aSKPK
_bslo
_cSKPK
_dSNK
_eAACR2
041 0 _aslo
044 _axo
_cSK
072 7 _a821.162.4-3
_xSlovenská próza
_2konspekt
080 _a821.162.4-31
_22001
080 _a(0:82-311.6)
_22001
080 _a(0:82-312.5)
_22001
100 1 _aŠranková, Eva Ava,
_d1974-
_4aut
245 1 0 _aIzabela
_bláskou spútaní
_cEva Ava Šranková ; [verše Thibauta de Champagne preložil Viliam Turčány]
250 _a1. vyd.
260 _aBratislava
_bIkar
_c2011
300 _a335 s.
_c19 cm
500 _aVysvetl. Biogr. údaje
504 _aBibliogr. s. 335
655 7 _aslovenské romány
_2SNKPH
655 7 _ahistorické romány
_2SNKPH
655 7 _aľúbostné romány
_2SNKPH
655 7 _aSlovak novels
_2SNKPHeng
655 7 _aHistorical novels
_2SNKPHeng
655 7 _aLove fiction
_2SNKPHeng
700 1 _aTurčány, Viliam,
_d1928-2021
_4trl
910 _askpk
910 _asvkbb
910 _apokpoh
910 _apppk
910 _asnk
910 _asavuk
910 _asllk
910 _atotk
910 _avthk
910 _attkjf
910 _ahevk
910 _abjkdg
910 _abpksh
942 _2ddc
_cKLDO
_n0
949 _6270001000383970
_asvkbbA 131765
_bsvkbbm 719324
949 _617A0705600
_asnkSD 80289
_bsnk2011/14187
_o1544/11
949 _62889173527
_asavukPV 14838
_bsavuk2011/2783
949 _617A0832763
_asnkSD 80289 D1
_bsnk2011/23344
_o1544/11
949 _6273K0542207
_asvkpoA 213275
_bsvkpo547080
949 _63869A18422
_abpksh821.162.4-31
_bbpksh69023
980 _a821.162.4-31
999 _c22292
_d22292